Regiões Geográficas Imediatas do Brasil em um Mapa - Statistics

Estatísticas Gerais
  • Esse quiz foi jogado 699 vezes
  • A pontuação média é 71 de 510
Respostas no mapa
Respostas codificadas por cores de uma escala verde-vermelha no mapa do quiz de acordo com a % correta abaixo.
 
Estatísticas das Respostas
Estado Região Imediata % Correto
São Paulo São Paulo
76%
Rio de Janeiro Rio de Janeiro
75%
Amazonas Manaus
60%
Distrito Federal Distrito Federal
59%
Acre Rio Branco
57%
Minas Gerais Belo Horizonte
56%
Paraná Curitiba
55%
Rio Grande do Sul Porto Alegre
55%
Bahia Salvador
55%
Pará Belém
54%
Ceará Fortaleza
52%
Amapá Macapá
52%
Espírito Santo Vitória
52%
Mato Grosso do Sul Campo Grande
51%
Mato Grosso Cuiabá
51%
Santa Catarina Florianópolis
50%
Goiás Goiânia
50%
Rio Grande do Norte Natal
49%
Rondônia Porto Velho
49%
Maranhão São Luís
49%
Tocantins Palmas
48%
Minas Gerais Pará de Minas
48%
São Paulo Santos
48%
São Paulo Campinas
47%
Piauí Floriano
47%
Pernambuco Recife
44%
Roraima Boa Vista
43%
Paraíba João Pessoa
43%
Paraná Londrina
43%
Minas Gerais Uberlândia
43%
Piauí Teresina
41%
Alagoas Maceió
40%
Sergipe Aracaju
37%
Paraná Foz do Iguaçu
37%
Paraná Maringá
37%
Pernambuco Escada | Ribeirão
36%
Rio de Janeiro Campos dos Goytacazes
35%
Pernambuco Serra Talhada
35%
São Paulo Sorocaba
35%
Maranhão Caxias
34%
Rio Grande do Sul Caxias do Sul
34%
Pará Altamira
33%
Santa Catarina Chapecó
33%
Santa Catarina Joinville
33%
Minas Gerais Uberaba
33%
Paraná Cascavel
32%
Bahia Juazeiro
31%
Ceará Juazeiro do Norte
31%
Rio Grande do Sul Pelotas
31%
Rio Grande do Sul Santa Maria
31%
Pará Santarém
31%
São Paulo São José dos Campos
31%
Santa Catarina Blumenau
30%
Santa Catarina Criciúma
30%
Minas Gerais Juiz de Fora
30%
São Paulo São José do Rio Preto
30%
Bahia Feira de Santana
29%
Bahia Ilhéus | Itabuna
29%
Paraná Marechal Cândido Rondon
29%
Pernambuco Petrolina
29%
São Paulo Ribeirão Preto
29%
Rio Grande do Sul Uruguaiana
29%
Bahia Xique-Xique | Barra
29%
São Paulo Cruzeiro
28%
Acre Cruzeiro do Sul
28%
Bahia Eunápolis | Porto Seguro
28%
Paraná Ponta Grossa
28%
São Paulo Presidente Prudente
28%
São Paulo Bauru
27%
Paraíba Campina Grande
27%
Maranhão Imperatriz
27%
Rio de Janeiro Petrópolis
27%
São Paulo Taubaté | Pindamonhangaba
27%
Rio de Janeiro Volta Redonda | Barra Mansa
27%
São Paulo Caraguatatuba | Ubatuba | São Sebastião
26%
Rio Grande do Norte Mossoró
26%
Mato Grosso Sinop
26%
Goiás Anápolis
25%
Mato Grosso do Sul Dourados
25%
São Paulo Jundiaí
25%
Minas Gerais Montes Claros
25%
Amapá Oiapoque
25%
Minas Gerais Santa Bárbara | Ouro Preto
25%
Rio de Janeiro Angra dos Reis
24%
Rio de Janeiro Cabo Frio
24%
Mato Grosso do Sul Corumbá
24%
São Paulo Franca
24%
Pará Marabá
24%
São Paulo Marília
24%
Minas Gerais Ubá
24%
Pará Bragança
23%
São Paulo Bragança Paulista
23%
Minas Gerais Governador Valadares
23%
Amazonas Parintins
23%
Piauí Parnaíba
23%
Paraíba Patos
23%
Minas Gerais Patos de Minas
23%
Bahia Vitória da Conquista
23%
Pernambuco Caruaru
22%
Santa Catarina Itajaí
22%
Rondônia Ji-Paraná
22%
Rio de Janeiro Macaé | Rio das Ostras
22%
Paraná Paranaguá
22%
São Paulo Piracicaba
22%
Goiás Rio Verde
22%
Mato Grosso Rondonópolis
22%
Rio Grande do Sul São Gabriel | Caçapava do Sul
22%
Ceará Sobral
22%
Santa Catarina Tubarão
22%
São Paulo Araçatuba
21%
São Paulo Barretos
21%
Santa Catarina Lages
21%
Mato Grosso do Sul Ponta Porã
21%
Rio de Janeiro Resende
21%
São Paulo São Carlos
21%
São Paulo Araraquara
20%
Minas Gerais Ipatinga
20%
Rio Grande do Norte Santo Antônio | Passa e Fica | Nova Cruz
20%
Pará Tucumã | São Félix do Xingu
20%
Tocantins Araguaína
19%
Rio Grande do Sul Bagé
19%
Rio Grande do Sul Novo Hamburgo | São Leopoldo
19%
Minas Gerais Poços de Caldas
19%
Bahia Santo Antônio de Jesus
19%
Alagoas Arapiraca
18%
Bahia Barreiras
18%
Rio Grande do Sul Passo Fundo
18%
Minas Gerais Pouso Alegre
18%
Rio Grande do Norte Santa Cruz
18%
Rio Grande do Sul Santa Cruz do Sul
18%
Espírito Santo São Mateus
18%
São Paulo Assis
17%
Rio Grande do Sul Erechim
17%
Goiás Goiás | Itapuranga
17%
Paraná Guarapuava
17%
São Paulo Limeira
17%
São Paulo Ourinhos
17%
Paraná Pato Branco
17%
Minas Gerais Araxá
16%
Minas Gerais Divinópolis
16%
Goiás Itumbiara
16%
São Paulo Registro
16%
São Paulo Rio Claro
16%
Alagoas São Miguel dos Campos
16%
Rio Grande do Sul Torres
16%
Mato Grosso do Sul Três Lagoas
16%
Minas Gerais Varginha
16%
Rondônia Vilhena
16%
Santa Catarina Brusque
15%
Espírito Santo Cachoeiro de Itapemirim
15%
Goiás Caldas Novas | Morrinhos
15%
São Paulo Guaratinguetá
15%
Tocantins Gurupi
15%
Amapá Laranjal do Jari
15%
Espírito Santo Linhares
15%
Paraná Toledo
15%
Rondônia Ariquemes
14%
Pará Castanhal
14%
Goiás Catalão
14%
Espírito Santo Colatina
14%
Goiás Jataí | Mineiros
14%
Rio de Janeiro Nova Friburgo
14%
Alagoas Palmeira dos Índios
14%
Roraima Rorainópolis
14%
Amazonas São Gabriel da Cachoeira
14%
Minas Gerais Sete Lagoas
14%
Minas Gerais Teófilo Otoni
14%
Rio Grande do Sul Bento Gonçalves
13%
Piauí Bom Jesus
13%
Mato Grosso Cáceres
13%
Rio Grande do Sul Cachoeira do Sul
13%
Rondônia Cacoal
13%
Pernambuco Garanhuns
13%
São Paulo Jaú
13%
Goiás Luziânia
13%
Pará Paragominas
13%
Pará Parauapebas
13%
Bahia Paulo Afonso
13%
Piauí Picos
13%
Ceará Quixadá
13%
Rio Grande do Sul São Borja
13%
Paraíba Sousa
13%
Amazonas Tefé
13%
Maranhão Timon
13%
Espírito Santo Alegre
12%
São Paulo Andradina
12%
Maranhão Bacabal
12%
Maranhão Balsas
12%
Minas Gerais Barbacena
12%
São Paulo Birigui | Penápolis
12%
São Paulo Botucatu
12%
Rio Grande do Norte Caicó
12%
Maranhão Codó
12%
Ceará Crateús
12%
Minas Gerais Diamantina
12%
Pernambuco Goiana | Timbaúba
12%
Paraíba | Sergipe Itabaiana
12%
Sergipe Lagarto
12%
Roraima Pacaraima
12%
Ceará Russas | Limoeiro do Norte
12%
Rio Grande do Sul Santana do Livramento
12%
Minas Gerais São João del Rei
12%
Mato Grosso Sorriso
12%
Bahia Teixeira de Freitas
12%
Paraná Umuarama
12%
Maranhão Açailândia
11%
Goiás Águas Lindas de Goiás
11%
Pará Breves
11%
Paraná Campo Mourão
11%
Roraima Caracaraí
11%
São Paulo Catanduva
11%
Goiás Ceres | Rialma | Goianésia
11%
Paraná Francisco Beltrão
11%
Ceará Iguatu
11%
Rio Grande do Sul Ijuí
11%
Amazonas Itacoatiara
11%
São Paulo Jales
11%
Amazonas Lábrea
11%
São Paulo Lins
11%
São Paulo Mogi Guaçu
11%
Paraná Paranavaí
11%
São Paulo Presidente Epitácio | Presidente Venceslau
11%
Minas Gerais São Francisco
11%
Acre Sena Madureira
11%
Minas Gerais Três Corações
11%
Bahia | Rio de Janeiro Valença
11%
Minas Gerais Viçosa
11%
São Paulo Votuporanga
11%
Minas Gerais Abaeté
10%
São Paulo Araras
10%
São Paulo Avaré
10%
Acre Brasiléia
10%
Paraíba Catolé do Rocha | São Bento
10%
Amazonas Coari
10%
Santa Catarina Concórdia
10%
São Paulo Fernandópolis
10%
Bahia Irecê
10%
Rio de Janeiro Itaperuna
10%
São Paulo Itapetininga
10%
São Paulo Itapeva
10%
Minas Gerais Muriaé
10%
Minas Gerais Passos
10%
Tocantins Porto Nacional
10%
Maranhão Santa Inês
10%
Rio Grande do Sul Santa Rosa
10%
São Paulo São José do Rio Pardo | Mococa
10%
Minas Gerais São Sebastião do Paraíso
10%
Amazonas Tabatinga
10%
São Paulo Tupã
10%
Minas Gerais Unaí
10%
Mato Grosso Alta Floresta
9%
Paraná Apucarana
9%
Mato Grosso do Sul Aquidauana | Anastácio
9%
Santa Catarina Caçador
9%
Minas Gerais Conselheiro Lafaiete
9%
Ceará Itapipoca
9%
Minas Gerais Ituiutaba
9%
Bahia Jequié
9%
Rio Grande do Sul Lajeado
9%
Mato Grosso do Sul Naviraí | Mundo Novo
9%
Pará Oriximiná
9%
Mato Grosso do Sul Paranaíba | Chapadão do Sul | Cassilândia
9%
Alagoas Penedo
9%
Mato Grosso Primavera do Leste
9%
Pará Redenção
9%
Ceará Redenção | Acarape
9%
Pernambuco Salgueiro
9%
Rio Grande do Sul Santo Ângelo
9%
Santa Catarina São Bento do Sul | Rio Negrinho
9%
São Paulo São Joaquim da Barra | Orlândia
9%
Minas Gerais São Lourenço
9%
Mato Grosso Tangará da Serra
9%
Tocantins Tocantinópolis
9%
Rio Grande do Sul Tramandaí | Osório
9%
Rio Grande do Sul Vacaria
9%
Santa Catarina Xanxerê
9%
São Paulo Adamantina | Lucélia
8%
Bahia Alagoinhas
8%
Ceará Aracati
8%
Pernambuco Araripina
8%
Pernambuco Arcoverde
8%
Mato Grosso Barra do Garças
8%
Paraíba Cajazeiras
8%
Pará Cametá
8%
Ceará Canindé
8%
Paraná Cianorte
8%
Mato Grosso do Sul Coxim
8%
São Paulo Dracena
8%
Minas Gerais Formiga
8%
Ceará Icó
8%
Goiás Iporá
8%
Minas Gerais Itabira
8%
Pará Itaituba
8%
Minas Gerais Itajubá
8%
Minas Gerais Januária
8%
Minas Gerais Lavras
8%
Tocantins Paraíso do Tocantins
8%
Minas Gerais Patrocínio
8%
Piauí Piripiri
8%
Amapá Porto Grande
8%
Santa Catarina Rio do Sul
8%
São Paulo São João da Boa Vista
8%
Piauí São Raimundo Nonato
8%
Acre Tarauacá
8%
Rio de Janeiro Três Rios | Paraíba do Sul
8%
Pará Tucuruí
8%
Goiás Uruaçu | Niquelândia
8%
Pará Abaetetuba
7%
Rio Grande do Norte Açu
7%
Minas Gerais Alfenas
7%
São Paulo Amparo
7%
Santa Catarina Araranguá
7%
Maranhão Barreirinhas
7%
Bahia Bom Jesus da Lapa
7%
Mato Grosso Confresa | Vila Rica
7%
Paraná Cornélio Procópio | Bandeirantes
7%
Minas Gerais Curvelo
7%
Rio Grande do Sul Frederico Westphalen
7%
Minas Gerais Frutal
7%
Minas Gerais Janaúba
7%
Rondônia Jaru
7%
Santa Catarina Joaçaba | Herval d'Oeste
7%
Pernambuco Limoeiro
7%
Santa Catarina Mafra
7%
Amazonas Manacapuru
7%
Amazonas Manicoré
7%
Mato Grosso do Sul Nova Andradina
7%
Maranhão Pinheiro
7%
Mato Grosso Pontes e Lacerda | Comodoro
7%
Goiás Porangatu
7%
Maranhão Presidente Dutra
7%
Rio de Janeiro Rio Bonito
7%
São Paulo Santa Fé do Sul
7%
Ceará São Benedito | Ipu | Guaraciaba do Norte | Tianguá
7%
Santa Catarina São Miguel do Oeste
7%
São Paulo Tatuí
7%
Ceará Tauá
7%
Paraná União da Vitória
7%
Alagoas União dos Palmares
7%
Pernambuco Vitória de Santo Antão
7%
Pará Almeirim | Porto de Moz
6%
Ceará Camocim
6%
Pará Capanema
6%
Maranhão Colinas
6%
Santa Catarina Curitibanos
6%
Bahia Guanambi
6%
Paraná Irati
6%
Bahia Jacobina
6%
Mato Grosso do Sul Jardim
6%
Minas Gerais João Monlevade
6%
Mato Grosso Juína
6%
Espírito Santo Nova Venécia
6%
Piauí Oeiras
6%
Pernambuco Palmares
6%
Minas Gerais Pirapora
6%
Bahia Ribeira do Pombal
6%
Minas Gerais Salinas
6%
Ceará Acaraú
5%
Minas Gerais Almenara
5%
Mato Grosso do Sul Amambai
5%
Tocantins Araguatins
5%
Pernambuco Belo Jardim | Pesqueira
5%
Bahia Brumado
5%
Rio Grande do Sul Camaquã
5%
Minas Gerais Caratinga
5%
Rio Grande do Sul Carazinho
5%
Minas Gerais Cataguases
5%
Minas Gerais Caxambu | Baependi
5%
Maranhão Chapadinha
5%
Rio Grande do Sul Charqueadas | Triunfo | São Jerônimo
5%
Bahia Conceição do Coité
5%
Rio Grande do Sul Cruz Alta
5%
Rio Grande do Norte Currais Novos
5%
Amazonas Eirunepé
5%
Sergipe Estância
5%
Minas Gerais Guaxupé
5%
Goiás Inhumas | Itaberaí | Anicuns
5%
Minas Gerais Iturama
5%
São Paulo Ituverava
5%
Minas Gerais Manhuaçu
5%
Minas Gerais Monte Carmelo
5%
Paraíba Monteiro
5%
Rio Grande do Sul Montenegro
5%
Rio Grande do Sul Nova Prata | Guaporé
5%
Mato Grosso Peixoto de Azevedo | Guarantã do Norte
5%
São Paulo Piraju
5%
Paraíba Pombal
5%
Goiás Posse | Campos Belos
5%
Goiás Quirinópolis
5%
Rio Grande do Sul Santiago
5%
Bahia Senhor do Bonfim
5%
Rio Grande do Sul Soledade
5%
Pará Soure | Salvaterra
5%
Rio Grande do Sul Taquara | Parobé | Igrejinha
5%
Paraná Telêmaco Borba
5%
Maranhão Viana
5%
Pará Xinguara
5%
Pernambuco Afogados da Ingazeira
4%
Espírito Santo Afonso Cláudio | Venda Nova do Imigrante | Santa Maria de Jetibá
4%
Mato Grosso Água Boa
4%
Minas Gerais Além Paraíba
4%
Minas Gerais Araçuaí
4%
Alagoas Atalaia
4%
Maranhão Barra do Corda
4%
Pernambuco Barreiros | Sirinhaém
4%
Ceará Brejo Santo
4%
Minas Gerais Campo Belo
4%
Piauí Campo Maior
4%
Minas Gerais Capelinha
4%
Pará Capitão Poço
4%
Minas Gerais Carangola
4%
Pernambuco Carpina
4%
Piauí Corrente
4%
Mato Grosso Diamantino
4%
Paraná Dois Vizinhos
4%
Paraíba Guarabira
4%
Tocantins Guaraí
4%
Santa Catarina Ibirama | Presidente Getúlio
4%
Paraná Ivaiporã
4%
Mato Grosso Jaciara
4%
Rio Grande do Norte João Câmara
4%
Mato Grosso Juara
4%
Rio Grande do Sul Lagoa Vermelha
4%
Paraná Loanda
4%
Paraíba Mamanguape | Rio Tinto
4%
Rio Grande do Sul Marau
4%
Mato Grosso Mirassol D'oeste
4%
Minas Gerais Oliveira
4%
Paraná Paranacity | Colorado
4%
Rio Grande do Norte Pau dos Ferros
4%
Goiás Piracanjuba
4%
Goiás Pires do Rio
4%
Paraná Pitanga
4%
Sergipe Propriá
4%
Paraná Santo Antônio da Platina
4%
Rio de Janeiro Santo Antônio de Pádua
4%
Santa Catarina São Lourenço do Oeste
4%
Bahia Serrinha
4%
Rio Grande do Sul Sobradinho
4%
Pernambuco Surubim
4%
Maranhão Tutóia | Araioses
4%
Piauí Uruçuí
4%
Minas Gerais Aimorés | Resplendor
3%
Piauí Amarante | Água Branca | Regeneração
3%
Piauí Barras
3%
Rio Grande do Norte Canguaretama
3%
Rio Grande do Sul Cerro Largo
3%
Tocantins Colinas do Tocantins
3%
Bahia Cruz das Almas
3%
Paraíba Cuité | Nova Floresta
3%
Alagoas Delmiro Gouveia
3%
Tocantins Dianópolis
3%
Rio Grande do Sul Encantado
3%
Piauí Esperantina
3%
Minas Gerais Espinosa
3%
Paraná Ibaiti
3%
Maranhão Itapecuru Mirim
3%
Bahia Itapetinga
3%
Paraíba Itaporanga
3%
Santa Catarina Ituporanga
3%
Paraná Laranjeiras do Sul | Quedas do Iguaçu
3%
Santa Catarina Maravilha
3%
Tocantins Miracema do Tocantins
3%
Bahia Nazaré | Maragogipe
3%
Rio Grande do Sul Nonoai
3%
Sergipe Nossa Senhora da Glória
3%
Rio Grande do Sul Palmeira das Missões
3%
Minas Gerais Pedra Azul
3%
Maranhão Pedreiras
3%
Minas Gerais Ponte Nova
3%
Alagoas Porto Calvo | São Luís do Quitunde
3%
Paraíba Princesa Isabel
3%
Bahia Santa Maria da Vitoria
3%
Alagoas Santana do Ipanema
3%
Piauí São João do Piauí
3%
Maranhão São João dos Patos
3%
Goiás São Luís de Montes Belos
3%
Bahia Seabra
3%
Paraíba Sumé
3%
Rio Grande do Sul Tapejara | Sananduva
3%
Rio Grande do Sul Três Passos
3%
Minas Gerais Três Pontas | Boa Esperança
3%
Santa Catarina Videira
3%
Minas Gerais Águas Formosas
2%
Piauí Canto do Buriti
2%
Maranhão Cururupu
2%
Minas Gerais Dores do Indaiá
2%
Bahia Euclides da Cunha
2%
Goiás Flores de Goiás
2%
Maranhão Governador Nunes Freire
2%
Minas Gerais Guanhães
2%
Bahia Ipiaú
2%
Bahia Itaberaba
2%
Bahia Jeremoabo
2%
Minas Gerais Mantena
2%
Goiás Palmeiras de Goiás
2%
Alagoas Pão de Açúcar | Olho d'Água das Flores | Batalha
2%
Piauí Paulistana
2%
Minas Gerais Piumhi
2%
Minas Gerais São João Nepomuceno | Bicas
2%
Rio Grande do Sul São Luiz Gonzaga
2%
Rio Grande do Norte São Paulo do Potengi
2%
Rio Grande do Sul Três de Maio
2%
Piauí Valença do Piauí
2%
Bahia Camacan
1%
Bahia Cícero Dantas
1%
Ceará Itapagé
1%
Piauí Simplício Mendes
1%
Nenhum quiz correspondente encontrado
Distribuição das Pontuações
Porcentagem de Pessoas com Cada Pontuação
Percentil de Números Respondidos
Sua Pontuação Histórica
Você não jogou esse quiz